Directors of Tom Cruise Movies - Statistics

General Stats
  • This quiz has been taken 162 times
    86 since last reset
  • The average score is 23 of 44
Answer Stats
Year Movie Director % Correct
2005 War of the Worlds Steven Spielberg
94%
2002 Minority Report Steven Spielberg
94%
1999 Eyes Wide Shut Stanley Kubrick
93%
1999 Magnolia Paul Thomas Anderson
84%
1996 Mission: Impossible Brian De Palma
78%
1985 Legend Ridley Scott
77%
1990 Days of Thunder Tony Scott
77%
1986 Top Gun Tony Scott
77%
1989 Born on the Fourth of July Oliver Stone
75%
2008 Tropic Thunder Ben Stiller
72%
1986 The Color of Money Martin Scorsese
71%
2004 Collateral Michael Mann
70%
2001 Vanilla Sky Cameron Crowe
68%
1996 Jerry Maguire Cameron Crowe
68%
1988 Rain Man Barry Levinson
64%
1983 The Outsiders Francis Ford Coppola
59%
2006 Mission: Impossible III J. J. Abrams
58%
2000 Mission: Impossible II John Woo
58%
1992 A Few Good Men Rob Reiner
58%
2023 Mission: Impossible - Dead Reckoning Christopher McQuarrie
54%
2018 Mission: Impossible - Fallout Christopher McQuarrie
54%
2015 Mission: Impossible - Rogue Nation Christopher McQuarrie
54%
2012 Jack Reacher Christopher McQuarrie
54%
2011 Mission: Impossible - Ghost Protocol Brad Bird
51%
2022 Top Gun: Maverick Joseph Kosinski
51%
2013 Oblivion Joseph Kosinski
51%
2017 American Made Doug Liman
48%
2014 Edge of Tomorrow Doug Liman
48%
1992 Far and Away Ron Howard
46%
2016 Jack Reacher: Never Go Back Edward Zwick
45%
2003 The Last Samurai Edward Zwick
45%
2008 Valkyrie Bryan Singer
43%
2007 Lions for Lambs Robert Redford
42%
1993 The Firm Sydney Pollack
35%
1994 Interview with the Vampire Neil Jordan
33%
2010 Knight and Day James Mangold
28%
2017 The Mummy Alex Kurtzman
16%
2012 Rock of Ages Adam Shankman
13%
1983 Losin' It Curtis Hanson
10%
1988 Cocktail Roger Donaldson
10%
1981 Endless Love Franco Zeffirelli
9%
1983 Risky Business Paul Brickman
7%
1981 Taps Harold Becker
6%
1983 All the Right Moves Michael Chapman
6%
No matching quizzes found
Score Distribution
Percent of People with Each Score
Percentile by Number Answered
Your Score History
You have not taken this quiz since the last reset